00808nam a2200253Ia 450000500170000000800410001702000150005804100080007310000280008124500450010925000450015426400490019930000400024833600270028833700330031533800280034849000270037665000300040365000260043365000230045965000260048204000350050808400110054320220316235232.0121119s2000 mx a gr 000 f spa  a96816470250 aspa1 aFleischman, Sid,d1929-13aEl caballo de medianochecSid Fleischman aPrimera edición, tercera reimpresión 1aMéxicobFondo de Cultura Económicac2000 a79 páginasbilustracionesc19 cm. atextobtxt2rdacontent asin mediaciónbn2rdamedia avolumenbnc2rdacarrier0 aA la orilla del viento142LEMBaLiteratura infantil142LEMBaAmistadxNovela14aAmorvNovela2LEMB142LEMBaNovela infantil aCO-BoRNBPbspaerdacCO-BoRNBP aN FLE1